MARC details
| 000 -CABECERA |
| campo de control de longitud fija |
01984nam a2200265 a 4500 |
| 005 - FECHA Y HORA DE LA ÚLTIMA TRANSACCIÓN |
| campo de control |
20250207152947.0 |
| 008 - DATOS DE LONGITUD FIJA--INFORMACIÓN GENERAL |
| campo de control de longitud fija |
240826s2020 mx ||||fr|||| 000 0 spa d |
| 020 ## - NÚMERO INTERNACIONAL NORMALIZADO PARA LIBROS |
| Número Internacional Normalizado del libro |
9789875387669 |
| 040 ## - FUENTE DE CATALOGACIÓN |
| Agencia de catalogación original |
MX-MxUPN |
| Idioma de catalogación |
spa |
| Agencia que realiza la transcripción |
MX-MxUPN |
| 041 0# - |
| -- |
spa |
| 050 14 - |
| -- |
LC5148 A7 |
| -- |
L48 2020 |
| 100 1# - |
| -- |
Levin, Esteban |
| -- |
32084 |
| 245 13 - MENCIÓN DE TÍTULO |
| Título |
La niñez infectada : |
| Parte restante del título |
juego, educación y clínica en tiempo de aislamiento |
| 250 ## - MENCIÓN DE EDICIÓN |
| Mención de edición |
1a edición. |
| 260 ## - PUBLICACION, DISTRIBUCION, ETC. (PIE DE IMPRENTA) |
| Lugar de publicación, distribución, etc. |
Buenos Aires, Argentina : |
| Nombre del editor, distribuidor, etc. |
Noveduc, |
| Fecha de publicación, distribución, etc. |
2020 |
| 300 ## - DESCRIPCIÓN FÍSICA |
| Extensión |
175 páginas |
| 490 0# - |
| -- |
Colección Conjunciones ; |
| -- |
63 |
| 520 3# - |
| -- |
Este libro refleja la gestación de un pensamiento en acto frente a las coyunturas disruptivas que fijan, encierran y desacreditan la experiencia subjetiva y comunitaria. Ante la desdicha y la incertidumbre de esta época que nos afecta a todos y, en particular, a los niños, la obra plantea la natalidad de un tercer tiempo, una zona de subjetividad en la que se inventa la realización sensible de los sucesos que parecían inviables. Resistimos, rompemos la incredulidad y creemos en la posibilidad de lo imposible. Para ayudar a los más pequeños, reafirmamos la alianza con ellos y sus padres: no los dejamos solos. Imaginamos recursos para constituir una experiencia que, al ser realizada, permita a la imagen del cuerpo salir fuera de sí, romper la soledad del sufrimiento del aislamiento y volver para recrear otra escena, un acontecimiento de la infancia en el que coexistan el cuerpo, la ficción y el sujeto. Mantener viva la experiencia infantil es la fuerza deseante, afectiva, que nos permite rescatar la vitalidad de la niñez y de la comunidad del nos-otros |
| 650 #4 - |
| -- |
Distanciamiento social (Salud pública) y educación |
| -- |
Argentina |
| -- |
53408 |
| 650 #4 - |
| -- |
Pandemia de COVID-19, 2020-2023 |
| -- |
Aspectos sociales |
| -- |
Argentina |
| -- |
53409 |
| 902 ## - ELEMENTOS DE DATOS B LOCAL, LDB (RLIN) |
| Creó |
GCH260824 |
| Modificó |
Víctor Ruiz/040924 |
| 942 ## - ELEMENTOS DE PUNTO DE ACCESO ADICIONAL (KOHA) |
| Fuente del sistema de clasificación o colocación |
Library of Congress Classification |
| Tipo de ítem Koha |
Libro |